Radar system performance modelling, 2nd Ed with CD-ROM (Record no. 290107)
[ view plain ]
| 000 -LEADER | |
|---|---|
| fixed length control field | 00334 a2200133 4500 |
| 001 - CONTROL NUMBER | |
| control field | 55034 |
| 082 ## - DEWEY DECIMAL CLASSIFICATION NUMBER | |
| Classification number | 621.3848 CUR |
| 090 ## - LOCALLY ASSIGNED LC-TYPE CALL NUMBER (OCLC); LOCAL CALL NUMBER (RLIN) | |
| -- | 34137 |
| -- | 34137 |
| 100 ## - MAIN ENTRY--PERSONAL NAME | |
| Personal name | Curry, G. R. |
| 245 ## - TITLE STATEMENT | |
| Title | Radar system performance modelling, 2nd Ed with CD-ROM |
| 250 ## - EDITION STATEMENT | |
| Edition statement | 2 |
| 260 ## - PUBLICATION, DISTRIBUTION, ETC. | |
| Place of publication, distribution, etc. | Boston |
| Name of publisher, distributor, etc. | Artech House, Boston |
| Date of publication, distribution, etc. | 2005 |
| 505 ## - FORMATTED CONTENTS NOTE | |
| Formatted contents note | CD/DVD |
| 942 ## - ADDED ENTRY ELEMENTS (KOHA) | |
| Institution code [OBSOLETE] | NUST-CAE |
| Call number prefix | 621.3848 CUR |
| Withdrawn status | Lost status | Damaged status | Not for loan | Collection code | Permanent Location | Current Location | Date acquired | Total Checkouts | Full call number | Barcode | Date last seen | Price effective from | Koha item type |
|---|---|---|---|---|---|---|---|---|---|---|---|---|---|
| College of Aeronautical Engineering (CAE) | College of Aeronautical Engineering (CAE) | 04/03/2017 | 621.3848 CUR | CAE77360 | 04/05/2017 | 04/05/2017 | Book | ||||||
| College of Aeronautical Engineering (CAE) | College of Aeronautical Engineering (CAE) | 04/03/2017 | 621.3848 CUR | CAEN-867 | 04/05/2017 | 04/05/2017 | Book |
